[Event "East Lansing (MOR/4/11)"]
[Site "?"]
[Date "1995.??.??"]
[Round "?"]
[White "Kane, Paul"]
[Black "Herron, J."]
[Result "0-1"]
[WhiteElo "1605"]
[BlackElo "1750"]
[PlyCount "102"]
[EventDate "1995.??.??"]

{4/(11)} 1. d4 Nf6 2. c4 g6 3. Nc3 Bg7 4. e4 d6 5. Nf3 O-O 6. Be2 Nbd7 7. O-O
e5 8. d5 Nc5 9. Qc2 a5 10. b3 Ne8 11. Nd2 f5 12. f3 Qh4 13. Rb1 Nf6 14. g3 Qh3
15. Rf2 f4 16. Bf1 Qh5 17. Ne2 Bh6 18. a3 fxg3 19. Nxg3 Qh4 20. b4 axb4 21.
axb4 Na6 22. Qc3 Bd7 23. c5 dxc5 24. bxc5 b6 25. cxb6 cxb6 26. Nc4 Bxc1 27.
Qxc1 Ng4 28. fxg4 Rxf2 29. Kxf2 Qxh2+ 30. Kf3 Rf8+ 31. Nf5 gxf5 32. Qg5+ Kh8
33. exf5 Nc5 34. Nd6 e4+ 35. Nxe4 Qh1+ 36. Bg2 Qxb1 37. Nd6 Qd3+ 38. Kf2 Qd4+
39. Kg3 Qe5+ 40. Qf4 Qxf4+ 41. Kxf4 Nd3+ 42. Ke3 Ne5 43. Kf4 Nf7 44. Ne4 Nh6
45. Kg5 Nxf5 46. gxf5 Rxf5+ 47. Kh4 Rxd5 48. Nf6 Rd4+ 49. Kg3 Bf5 50. Nd5 Rg4+
51. Kf3 Rxg2 0-1

[Event "Troy (US Am N/6/25)"]
[Site "?"]
[Date "1995.??.??"]
[Round "?"]
[White "Kane, Paul"]
[Black "Gentry, Loyd"]
[Result "0-1"]
[WhiteElo "1605"]
[BlackElo "1605"]
[PlyCount "108"]
[EventDate "1995.??.??"]

{6/(25)} 1. d4 c5 2. Nf3 cxd4 3. Nxd4 Nc6 4. e4 d5 5. exd5 Qxd5 6. Nc3 Qxd4 7.
Bd3 Nf6 8. Be3 Qh4 9. g3 Qh3 10. Bf1 Qg4 11. f3 Qb4 12. Qd2 e6 13. O-O-O Be7
14. h4 O-O 15. g4 Rd8 16. Bd3 Ne5 17. g5 Nc4 18. Bxh7+ Nxh7 19. Qxd8+ Bxd8 20.
Rxd8+ Nf8 21. Nd1 Nxe3 22. Nxe3 Qb6 23. Rd3 Bd7 24. h5 Rc8 25. h6 g6 26. Ng4
Qc5 27. c3 Qxg5+ 28. Kb1 e5 29. h7+ Nxh7 30. Rxd7 Qf5+ 31. Kc1 Qxd7 32. Rxh7
Qxg4 33. fxg4 Kxh7 34. Kd2 f5 35. gxf5 gxf5 36. b3 Kg6 37. c4 e4 38. Ke3 Rd8
39. b4 Kg5 40. c5 Rd3+ 41. Ke2 f4 42. b5 Kg4 43. a4 f3+ 44. Ke1 e3 45. c6 bxc6
46. bxc6 Rc3 47. Kd1 f2 48. Ke2 Rc2+ 49. Kxe3 f1=Q 50. c7 Qf4+ 51. Kd3 Rd2+ 52.
Kc3 Qd4+ 53. Kb3 Rb2+ 54. Ka3 Qb4# 0-1

[Event "East Lansing (Class C/1/5)"]
[Site "?"]
[Date "1995.??.??"]
[Round "?"]
[White "Kane, Paul"]
[Black "Cutler, C."]
[Result "1-0"]
[WhiteElo "1605"]
[BlackElo "1605"]
[PlyCount "67"]
[EventDate "1995.??.??"]

{1/(5)} 1. d4 d5 2. c4 c5 3. cxd5 Qxd5 4. Nf3 cxd4 5. Qxd4 Qxd4 6. Nxd4 e5 7.
Nb5 Bb4+ 8. Bd2 Bxd2+ 9. Nxd2 Na6 10. Rc1 Ke7 11. e4 b6 12. a3 Be6 13. b4 Nf6
14. f3 Ne8 15. Bd3 Nb8 16. Ke2 a6 17. Nc7 Nxc7 18. Rxc7+ Nd7 19. Rhc1 b5 20.
Nf1 Kf6 21. Ne3 Nb6 22. h4 h5 23. R1c6 Na4 24. Nd5+ Kg6 25. f4 Kh7 26. f5 Bxd5
27. exd5 Rhf8 28. f6+ g6 29. d6 Nb2 30. Be4 Kh6 31. d7 Rad8 32. Rc8 Nc4 33.
Rxd8 Rxd8 34. Rc8 1-0

[Event "East Lansing (Class C/4/2)"]
[Site "?"]
[Date "1995.??.??"]
[Round "?"]
[White "Kane, Paul"]
[Black "Carroll, R."]
[Result "1/2-1/2"]
[WhiteElo "1605"]
[BlackElo "1605"]
[PlyCount "98"]
[EventDate "1995.??.??"]

{4/(2)} 1. d4 Nf6 2. c4 e6 3. Nc3 Bb4 4. Nf3 c5 5. e3 Na6 6. Bd3 cxd4 7. exd4
O-O 8. Qc2 h6 9. O-O Bxc3 10. Qxc3 b6 11. a3 Bb7 12. Bc2 Rc8 13. Nd2 d5 14. b3
Qd6 15. Qd3 Rfd8 16. Bb2 dxc4 17. Nxc4 Qd5 18. Qg3 Nh5 19. Qh4 Nf4 20. Ne3 Qg5
21. Qxg5 hxg5 22. f3 Ne2+ 23. Kf2 Nxd4 24. Bxd4 Rxd4 25. Rfd1 Rxd1 26. Rxd1 f5
27. Rd2 f4 28. Nc4 Bd5 29. Ne5 Kf8 30. b4 Rc3 31. b5 Nc5 32. a4 Ra3 33. Nc6 a6
34. Nb4 axb5 35. Nxd5 exd5 36. axb5 Ra2 37. Ke2 Rb2 38. Kd1 Rxb5 39. Rxd5 Ra5
40. Rxg5 Ra1+ 41. Kd2 Ne6 42. Re5 Nd4 43. Re4 Nxc2 44. Rxf4+ Ke7 45. Kxc2 Ra2+
46. Kb3 Rxg2 47. h4 Ke6 48. Rb4 Rg3 49. Rxb6+ Ke5 1/2-1/2

[Event "Ann Arbor (HVA/1/10)"]
[Site "?"]
[Date "1995.??.??"]
[Round "?"]
[White "Kane, Paul"]
[Black "Carlisle, S."]
[Result "1-0"]
[WhiteElo "1630"]
[BlackElo "1605"]
[PlyCount "107"]
[EventDate "1995.??.??"]

{1/(10)} 1. d4 Nf6 2. c4 e6 3. Nc3 c6 4. Nf3 d5 5. a3 Be7 6. Bf4 Nbd7 7. e3 b6
8. cxd5 cxd5 9. Bd3 Bb7 10. O-O O-O 11. Qc2 g6 12. Rac1 Rc8 13. Qe2 Re8 14. Nb5
Ba6 15. Bc7 Rxc7 16. Nxc7 Bxd3 17. Qxd3 Rf8 18. Rc2 Bd6 19. Rfc1 e5 20. dxe5
Nxe5 21. Nxe5 Bxe5 22. f4 Bd6 23. Nxd5 Be7 24. Nxe7+ Qxe7 25. Rc7 Rd8 26. Qxd8+
Qxd8 27. Rc8 Qxc8 28. Rxc8+ Kg7 29. b4 Nd5 30. Kf2 Kf6 31. g4 Ne7 32. Rc7 a5
33. bxa5 bxa5 34. e4 Ng8 35. g5+ Ke6 36. Ke3 Ne7 37. Ra7 Nc6 38. f5+ gxf5 39.
exf5+ Ke5 40. Rxf7 Nd8 41. g6 hxg6 42. fxg6 Ke6 43. Rf8 Nc6 44. g7 Ne7 45.
g8=Q+ Nxg8 46. Rxg8 Kd6 47. Kd4 Kc6 48. Kc4 Kb6 49. Rg6+ Kb7 50. Kc5 Ka7 51.
Kc6 Ka6 52. a4 Ka7 53. Kc7 Ka8 54. Ra6# 1-0

[Event "East Lansing (MI Op/6/10)"]
[Site "?"]
[Date "1995.??.??"]
[Round "?"]
[White "Kamberi, Sonny"]
[Black "Williams, Ken"]
[Result "1-0"]
[WhiteElo "2160"]
[BlackElo "1945"]
[PlyCount "81"]
[EventDate "1995.??.??"]

{6/(10)} 1. e4 c5 2. c3 Nf6 3. e5 Nd5 4. d4 cxd4 5. Nf3 e6 6. cxd4 Nc6 7. a3 d6
8. Bd3 Qc7 9. O-O Be7 10. Re1 Bd7 11. Qc2 h6 12. Qe2 Rc8 13. Bd2 a6 14. Nc3
Nxc3 15. Bxc3 d5 16. Rac1 Qd8 17. b4 Na7 18. Bb1 Bb5 19. Qb2 Bc4 20. Bd2 b5 21.
Re3 Rb8 22. Ne1 Nc8 23. Rg3 Bf8 24. Qc3 Nb6 25. Qf3 Rb7 26. Nc2 Qd7 27. Ne3 Kd8
28. Qd1 Rc7 29. f4 g6 30. Rh3 Bg7 31. Be1 h5 32. g4 hxg4 33. Rxh8+ Bxh8 34.
Qxg4 Qe8 35. Bh4+ Kc8 36. Kf2 Kb8 37. Qg5 Bg7 38. f5 exf5 39. Bxf5 Bxe5 40.
dxe5 Qxe5 41. Bg3 1-0

[Event "East Lansing (MI Op/2/10)"]
[Site "?"]
[Date "1995.??.??"]
[Round "?"]
[White "Kamberi, Sonny"]
[Black "Skidmore, Mike"]
[Result "1-0"]
[WhiteElo "2160"]
[BlackElo "1955"]
[PlyCount "65"]
[EventDate "1995.??.??"]

{2/(10)} 1. e4 c6 2. Nc3 d5 3. Nf3 Bg4 4. h3 Bxf3 5. Qxf3 dxe4 6. Nxe4 e6 7. d4
Be7 8. Bd3 Nf6 9. Nxf6+ Bxf6 10. c3 Nd7 11. O-O Nb6 12. Be3 O-O 13. Rad1 g6 14.
Rfe1 Bg7 15. Bb1 Qd5 16. Qg3 Nc4 17. b3 Nxe3 18. fxe3 Qa5 19. e4 Rad8 20. b4
Qb6 21. Kh1 Rd7 22. Bc2 Qb5 23. Bb3 Rfd8 24. Rf1 Qe2 25. Rde1 Qh5 26. Rf3 a5
27. bxa5 Qxa5 28. Ref1 Re7 29. Rxf7 Rxf7 30. Bxe6 Rdf8 31. Rxf7 Rxf7 32. Qb8+
Bf8 33. Qxb7 1-0

[Event "East Lansing (MEX/5/3)"]
[Site "?"]
[Date "1995.??.??"]
[Round "?"]
[White "Kamberi, Sonny"]
[Black "Ronneberg, E."]
[Result "1/2-1/2"]
[WhiteElo "2135"]
[BlackElo "2225"]
[PlyCount "88"]
[EventDate "1995.??.??"]

{5/(3)} 1. e4 e6 2. d4 d5 3. e5 c5 4. c3 Nc6 5. Nf3 cxd4 6. cxd4 Qb6 7. Nc3 Bd7
8. a3 f5 9. Be3 Nge7 10. h4 Nc8 11. Be2 Be7 12. b4 Qd8 13. Bg5 Nb6 14. Nb5 O-O
15. Nd6 Rb8 16. Rc1 a6 17. Qb3 Nc8 18. Nxc8 Rxc8 19. O-O Be8 20. b5 axb5 21.
Bxe7 Qxe7 22. Bxb5 Na5 23. Qd3 Bxb5 24. Qxb5 Nc4 25. a4 b6 26. Ra1 h6 27. Rfd1
Ra8 28. Nd2 Ra5 29. Qb3 Qc7 30. Nxc4 dxc4 31. Qb4 Rfa8 32. Rdc1 b5 33. Rab1
Rxa4 34. Qxb5 c3 35. Qd3 Rc8 36. Rc2 Qc4 37. Qxc4 Raxc4 38. Rd1 Rd8 39. g3
Rdxd4 40. Rxd4 Rxd4 41. Rxc3 f4 42. Rc6 Kf7 43. Rc7+ Kg6 44. Re7 fxg3 1/2-1/2

[Event "Eastpointe (MCO/6/1)"]
[Site "?"]
[Date "1995.??.??"]
[Round "?"]
[White "Kamberi, Sonny"]
[Black "Rajlich, Vasik"]
[Result "1/2-1/2"]
[WhiteElo "2160"]
[BlackElo "2220"]
[PlyCount "76"]
[EventDate "1995.??.??"]

{6/(1)} 1. e4 c5 2. c3 Nf6 3. e5 Nd5 4. d4 cxd4 5. Nf3 d6 6. Qxd4 e6 7. Nbd2
Nc6 8. Qe4 dxe5 9. Nxe5 Nf6 10. Qa4 Qd5 11. Ndf3 Bd6 12. Nxc6 Bd7 13. Bb5 Bxc6
14. Bxc6+ bxc6 15. Be3 Qb5 16. Qxb5 cxb5 17. O-O-O Nd5 18. Nd4 Nxe3 19. fxe3
Bc5 20. Rd3 O-O-O 21. Rhd1 a6 22. Kc2 Kc7 23. e4 Bxd4 24. Rxd4 Rxd4 25. Rxd4
Rd8 26. Kd3 Rd6 27. e5 Rd7 28. Rxd7+ Kxd7 29. Kd4 Kc6 30. g4 h6 31. h4 f6 32.
h5 Kb6 33. b3 Kc6 34. b4 Kb6 35. Ke4 Kc7 36. Kd4 Kc6 37. Ke4 Kd7 38. Kd4 Kc6
1/2-1/2

[Event "Eastpointe (MCO/2/4)"]
[Site "?"]
[Date "1995.??.??"]
[Round "?"]
[White "Kamberi, Sonny"]
[Black "Peiter, H."]
[Result "1-0"]
[WhiteElo "2160"]
[BlackElo "1900"]
[PlyCount "51"]
[EventDate "1995.??.??"]

{2/(4)} 1. e4 c5 2. c3 d5 3. exd5 Qxd5 4. d4 e5 5. dxe5 Qxe5+ 6. Be3 Nf6 7. Nf3
Qc7 8. Na3 a6 9. g3 Be7 10. Bg2 Bg4 11. O-O O-O 12. Bf4 Qc8 13. Nc4 Nbd7 14.
Re1 Re8 15. Qd3 b5 16. Nd6 Bxd6 17. Bxd6 Rd8 18. Be7 Ne5 19. Qxd8+ Qxd8 20.
Bxd8 Nxf3+ 21. Bxf3 Rxd8 22. Bxg4 Nxg4 23. Rad1 Rxd1 24. Rxd1 Kf8 25. Rd6 Nf6
26. Rxa6 1-0

[Event "East Lansing (MEX/1/4)"]
[Site "?"]
[Date "1995.??.??"]
[Round "?"]
[White "Kamberi, Sonny"]
[Black "O'Donnell, Robert"]
[Result "1-0"]
[WhiteElo "2135"]
[BlackElo "2250"]
[PlyCount "85"]
[EventDate "1995.??.??"]

{1/(4)} 1. e4 c5 2. c3 Nf6 3. e5 Nd5 4. d4 cxd4 5. Nf3 e6 6. cxd4 d6 7. a3 Bd7
8. Bd3 Bc6 9. O-O Nd7 10. b4 a6 11. Nbd2 dxe5 12. dxe5 Nf4 13. Be4 Qc7 14. Bxc6
Qxc6 15. Nb3 Nd5 16. Bb2 Be7 17. Nbd4 Qb6 18. Nf5 O-O-O 19. Nxg7 Nf8 20. Bd4
Qb5 21. Nh5 Kb8 22. Qc2 Rc8 23. Qe4 Ng6 24. Rfb1 Qc4 25. Nd2 Qc2 26. Rb2 Qxe4
27. Nxe4 Rc4 28. Rd1 Rd8 29. Rbd2 Kc8 30. g3 Nc7 31. Nhf6 Bxf6 32. Nxf6 Nb5 33.
Bb6 Rxd2 34. Rxd2 Nc7 35. f4 Ne7 36. Rd7 Ned5 37. Rxf7 Nxb6 38. Rf8+ Ne8 39.
Rxe8+ Kc7 40. Rxe6 Rc3 41. Re7+ Kc8 42. Rxh7 Rxa3 43. e6 1-0

[Event "East Lansing (MEX/2/3)"]
[Site "?"]
[Date "1995.??.??"]
[Round "?"]
[White "Kamberi, Sonny"]
[Black "Finegold, Mark"]
[Result "1/2-1/2"]
[WhiteElo "2135"]
[BlackElo "2255"]
[PlyCount "69"]
[EventDate "1995.??.??"]

{2/(3)} 1. e4 c5 2. c3 d5 3. exd5 Qxd5 4. d4 Nf6 5. Nf3 Bg4 6. Be2 e6 7. h3 Bh5
8. c4 Qd8 9. Nc3 cxd4 10. Qxd4 Qa5 11. O-O Nc6 12. Qd1 Bb4 13. Bd2 Rd8 14. Qe1
Nd4 15. Nxd4 Rxd4 16. a3 Be7 17. Be3 Bxe2 18. Qxe2 Rd7 19. Rfd1 Rxd1+ 20. Rxd1
O-O 21. Qc2 a6 22. Bc1 Qc7 23. b3 Rc8 24. Bb2 b5 25. cxb5 axb5 26. Qd3 b4 27.
axb4 Bxb4 28. Ne4 Nxe4 29. Qxe4 Qe7 30. Ra1 f5 31. Qf3 Rf8 32. Be5 Bd6 33. Qf4
Qf6 34. Re1 Bxe5 35. Qxe5 1/2-1/2

[Event "Eastpointe (MCO/4/5)"]
[Site "?"]
[Date "1995.??.??"]
[Round "?"]
[White "Kamberi, Sonny"]
[Black "Bailey, Greg"]
[Result "1-0"]
[WhiteElo "2160"]
[BlackElo "2065"]
[PlyCount "71"]
[EventDate "1995.??.??"]

{4/(5)} 1. e4 c6 2. d4 d5 3. exd5 cxd5 4. c4 Nf6 5. Nc3 g6 6. cxd5 Bg7 7. Bc4
O-O 8. Nge2 b6 9. O-O Ba6 10. Qd3 Bxc4 11. Qxc4 a6 12. Bf4 Ra7 13. a4 Nbd7 14.
d6 e6 15. h3 Qa8 16. Rac1 Rc8 17. Qb4 Ne8 18. Rfd1 Bf8 19. Ng3 Qb7 20. Nce4
Raa8 21. Nc5 Qa7 22. Nxd7 Qxd7 23. Qxb6 Qxa4 24. b3 Qd7 25. Ne4 Qd8 26. Qxd8
Rxd8 27. Rc6 a5 28. d5 exd5 29. Rxd5 f5 30. Nc5 Kf7 31. Be5 Ra7 32. d7 Ng7 33.
Bc7 Be7 34. Bxd8 Bxd8 35. Rc8 Ke7 36. Re5+ 1-0

[Event "East Lansing (Beg/5/3)"]
[Site "?"]
[Date "1995.??.??"]
[Round "?"]
[White "Kachur, C."]
[Black "Quander, M."]
[Result "1-0"]
[WhiteElo "1605"]
[BlackElo "1605"]
[PlyCount "79"]
[EventDate "1995.??.??"]

{5/(3)} 1. d4 d5 2. c4 e6 3. Nc3 Nf6 4. Bg5 Bb4 5. Nf3 a6 6. e3 O-O 7. Rc1 Nc6
8. Bd3 dxc4 9. Bxc4 h6 10. Bh4 Qe7 11. O-O e5 12. Re1 e4 13. Ne5 Nxe5 14. dxe5
Qxe5 15. a3 Bxc3 16. Rxc3 b5 17. Bxf6 Qxf6 18. Ba2 Bb7 19. Rxc7 Qxb2 20. Bxf7+
Rxf7 21. Rxf7 Kxf7 22. Qd7+ Kg6 23. Qxb7 Rd8 24. Qb6+ Qf6 25. Qb7 Qe5 26. Qxa6+
Rd6 27. Qc8 Qe6 28. Qc2 Qc4 29. Qxc4 bxc4 30. Kf1 c3 31. Rc1 Rc6 32. Ke2 c2 33.
Kd2 Ra6 34. Rxc2 Rxa3 35. Rc4 Ra2+ 36. Ke1 Kf5 37. g4+ Kxg4 38. Rxe4+ Kh3 39.
Kf1 Kxh2 40. Rh4# 1-0

[Event "East Lansing (Beg/1/10)"]
[Site "?"]
[Date "1995.??.??"]
[Round "?"]
[White "Kachur, C."]
[Black "Bentley, S."]
[Result "1-0"]
[WhiteElo "1605"]
[BlackElo "1605"]
[PlyCount "117"]
[EventDate "1995.??.??"]

{1/(10)} 1. d4 d5 2. c4 dxc4 3. Nf3 Nf6 4. Bg5 Ne4 5. Bh4 g6 6. e3 Be6 7. Nc3
Nd6 8. Be2 Nc6 9. O-O Nf5 10. d5 Nxh4 11. dxe6 Nxf3+ 12. Bxf3 fxe6 13. Qxd8+
Rxd8 14. Bxc6+ bxc6 15. Rad1 Rb8 16. Rd2 Bg7 17. Na4 O-O 18. Rc1 Rb4 19. Nc3
Rfb8 20. b3 cxb3 21. axb3 Rxb3 22. Ne2 Rb1 23. Rd8+ Rxd8 24. Rxb1 Rd2 25. Nf4
Bb2 26. Nxe6 a5 27. Nxc7 Rd7 28. Na6 a4 29. Nc5 Rd2 30. Nxa4 Be5 31. Kf1 Bxh2
32. g3 Ra2 33. Nc3 Rc2 34. Ne4 Rc4 35. Ng5 Rg4 36. Ne6 h5 37. Kg2 Re4 38. Rb8+
Kf7 39. Ng5+ Kf6 40. Nxe4+ Ke5 41. Kxh2 Kxe4 42. Re8 e5 43. Re6 Kd5 44. Rxg6 c5
45. Kg2 c4 46. Kf1 Kc5 47. Ke1 c3 48. Kd1 Kc4 49. Kc2 Kb4 50. Rc6 Kb5 51. Rxc3
Ka4 52. Rc8 e4 53. Rb8 Ka5 54. Kc3 Ka6 55. Kc4 Ka7 56. Rb1 Ka6 57. Kc5 Ka7 58.
Kc6 Ka6 59. Ra1# 1-0

[Event "East Lansing (Beg/4/6)"]
[Site "?"]
[Date "1995.??.??"]
[Round "?"]
[White "Kachur, C."]
[Black "Belill, V."]
[Result "1-0"]
[WhiteElo "1605"]
[BlackElo "1605"]
[PlyCount "61"]
[EventDate "1995.??.??"]

{4/(6)} 1. d4 d5 2. c4 Nf6 3. Nc3 dxc4 4. Nf3 Bg4 5. Bg5 e6 6. e3 Bb4 7. Bxc4
Bxc3+ 8. bxc3 O-O 9. O-O Nc6 10. h3 h6 11. hxg4 hxg5 12. Nxg5 Nd5 13. Ne4 a6
14. Qf3 b5 15. Bd3 e5 16. Qh3 f6 17. c4 bxc4 18. Bxc4 exd4 19. exd4 Nxd4 20.
Rad1 Ne2+ 21. Bxe2 Nf4 22. Bc4+ Rf7 23. Rxd8+ Rxd8 24. Bxf7+ Kxf7 25. Qb3+ Ke7
26. Re1 Kf8 27. Qb4+ Kf7 28. Nd6+ cxd6 29. Qxf4 g5 30. Qe4 d5 31. Qe7+ 1-0

[Event "Troy (US Am N/1/20)"]
[Site "?"]
[Date "1995.??.??"]
[Round "?"]
[White "Juntunen, Michael"]
[Black "Williams, Ron"]
[Result "0-1"]
[WhiteElo "1605"]
[BlackElo "1920"]
[PlyCount "56"]
[EventDate "1995.??.??"]

{1/(20)} 1. c4 Nf6 2. Nc3 Nc6 3. e3 e5 4. a3 a5 5. d4 d6 6. d5 Ne7 7. e4 Ng6 8.
Nf3 Be7 9. Be2 O-O 10. O-O Nd7 11. Na4 b6 12. Qd3 Nb8 13. Be3 f5 14. Nc3 f4 15.
Bd2 Nd7 16. b4 Nh8 17. g3 g5 18. Kh1 Ng6 19. Rg1 Kh8 20. Nb5 g4 21. Ne1 f3 22.
Bxf3 gxf3 23. Nxf3 Nf6 24. Bh6 Ng4 25. Bxf8 Nxf2+ 26. Kg2 Nxd3 27. Bh6 Qd7 28.
Kf1 Qh3+ 0-1

[Event "East Lansing (MOR/3/21)"]
[Site "?"]
[Date "1995.??.??"]
[Round "?"]
[White "Juntunen, Michael"]
[Black "Walquist, Elaine"]
[Result "0-1"]
[WhiteElo "1605"]
[BlackElo "1710"]
[PlyCount "104"]
[EventDate "1995.??.??"]

{3/(21)} 1. c4 c6 2. Nc3 d5 3. cxd5 cxd5 4. d4 Nf6 5. g3 Bf5 6. Bg2 e6 7. Nf3
Nc6 8. O-O Be7 9. Nh4 Bg6 10. Nxg6 hxg6 11. e4 dxe4 12. Be3 Nd5 13. Bxe4 Nxe3
14. fxe3 f5 15. Bg2 Bg5 16. Qe2 Qb6 17. Na4 Qb4 18. Nc5 Nxd4 19. Qd3 Qxc5 20.
exd4 Qb6 21. Rf2 Rd8 22. Rd1 Bf6 23. Re2 Bxd4+ 24. Kh1 Bf6 25. Qb1 Rxd1+ 26.
Qxd1 Ke7 27. b3 Rd8 28. Qc2 Rd7 29. h3 Qd4 30. Kh2 b6 31. Qc6 Be5 32. Qb5 Bd6
33. Bc6 Rc7 34. Qd5 Qxd5 35. Bxd5 e5 36. Bc4 Rc5 37. a4 e4 38. Kg2 Re5 39. Re3
g5 40. Kf2 Bc5 41. Ke2 Bxe3 42. Kxe3 Kd6 43. Ba6 Ra5 44. Bb5 Kc5 45. Bd7 Kb4
46. Be6 Kc3 47. Bc4 Rc5 48. Be6 Re5 49. Bc4 a6 50. Bf7 b5 51. axb5 Rxb5 52. Bc4
Rb6 0-1

[Event "Troy (US Am N/5/33)"]
[Site "?"]
[Date "1995.??.??"]
[Round "?"]
[White "Juntunen, Michael"]
[Black "Ratkos, J."]
[Result "1-0"]
[WhiteElo "1605"]
[BlackElo "1605"]
[PlyCount "57"]
[EventDate "1995.??.??"]

{5/(33)} 1. c4 c5 2. Nc3 Nf6 3. Nf3 b6 4. e3 Bb7 5. d4 cxd4 6. exd4 e6 7. Bg5
h6 8. Bh4 Be7 9. Bd3 d5 10. cxd5 Bxd5 11. Nxd5 Qxd5 12. O-O Nc6 13. Qa4 O-O 14.
Bb5 Nd8 15. Rac1 a5 16. a3 Ra7 17. Rc8 Qb7 18. Rfc1 Qe4 19. h3 Nd5 20. Bg3 Bf6
21. Bd6 Be7 22. Bg3 Bf6 23. Ne5 Bg5 24. Rd1 Bf4 25. Bd3 Qxd3 26. Rxd3 Bxg3 27.
Rxg3 Rb7 28. Nd7 Re8 29. Nxb6 1-0

[Event "Grand Rapids (MI Am/2/32)"]
[Site "?"]
[Date "1995.??.??"]
[Round "?"]
[White "Juntunen, Michael"]
[Black "Nolan, Dan"]
[Result "1-0"]
[WhiteElo "1605"]
[BlackElo "1605"]
[PlyCount "69"]
[EventDate "1995.??.??"]

{2/(32)} 1. e4 c5 2. f4 d6 3. Bc4 Nc6 4. Nf3 Nf6 5. O-O g6 6. Nc3 Bg7 7. d4
cxd4 8. Nxd4 Nxd4 9. Qxd4 O-O 10. Be3 Ng4 11. Qd3 Nxe3 12. Qxe3 Qb6 13. Qxb6
axb6 14. Rad1 Bg4 15. Rd5 Bxc3 16. bxc3 Rad8 17. Rg5 Rc8 18. Bb3 Bd7 19. Rf3
Be6 20. h4 h5 21. Bxe6 fxe6 22. Rxg6+ Kh7 23. Rxe6 Rfe8 24. Rg3 Rg8 25. Rxe7+
Kh6 26. Re6+ Kh7 27. Rxg8 Rxg8 28. Re7+ Kh6 29. Re6+ Kh7 30. Kf2 Rd8 31. Re7+
Kh6 32. Rxb7 Rg8 33. Rxb6 Rg4 34. g3 Rg6 35. f5 1-0

[Event "Troy (US Am N/2/27)"]
[Site "?"]
[Date "1995.??.??"]
[Round "?"]
[White "Juntunen, Michael"]
[Black "Morabito, Matthew"]
[Result "1/2-1/2"]
[WhiteElo "1605"]
[BlackElo "1865"]
[PlyCount "103"]
[EventDate "1995.??.??"]

{2/(27)} 1. c4 Nf6 2. Nc3 g6 3. Nf3 Bg7 4. d4 O-O 5. e4 d6 6. Bg5 h6 7. Bh4 g5
8. Bg3 Nh5 9. Qd3 f5 10. exf5 Bxf5 11. Qe3 Nc6 12. O-O-O Qe8 13. Nd5 Rc8 14. h3
Nxg3 15. fxg3 e6 16. Nc3 e5 17. d5 Nd4 18. g4 Bg6 19. h4 Nxf3 20. gxf3 Rf4 21.
hxg5 hxg5 22. Bd3 Qf7 23. Rh3 Kf8 24. Ne4 Bxe4 25. Bxe4 Ke7 26. Rdh1 b6 27. Qd3
Qf6 28. Rh7 Rh8 29. R1h6 Qxh6 30. Rxh6 Rxh6 31. Qe2 Rf8 32. Qe3 Bf6 33. Qb3
Rh1+ 34. Kd2 Rfh8 35. Qb5 R1h2+ 36. Ke3 R8h7 37. Bxh7 Rxh7 38. Qc6 Kd8 39. Qa8+
Kd7 40. Qxa7 e4 41. Kxe4 Bxb2 42. Qa4+ Kd8 43. Kf5 Bc1 44. Qa8+ Kd7 45. Qg8 Re7
46. Qa8 Rf7+ 47. Ke4 Rf4+ 48. Kd3 Rxf3+ 49. Kc2 Bf4 50. Qc6+ Kd8 51. Qa8+ Kd7
52. Qc6+ 1/2-1/2

[Event "East Lansing (MOR/6/17)"]
[Site "?"]
[Date "1995.??.??"]
[Round "?"]
[White "Juntunen, Michael"]
[Black "Moore, Robert"]
[Result "0-1"]
[WhiteElo "1605"]
[BlackElo "1700"]
[PlyCount "102"]
[EventDate "1995.??.??"]

{6/(17)} 1. c4 g6 2. Nc3 Bg7 3. d4 d6 4. Nf3 Nf6 5. Bg5 O-O 6. Qc2 Nc6 7. a3
Bg4 8. O-O-O b6 9. e4 Qc8 10. Be2 e5 11. d5 Na5 12. h3 Bxf3 13. gxf3 Nh5 14.
Rdg1 Qd7 15. Nd1 Rab8 16. Ne3 f6 17. Bh4 Nf4 18. Bf1 Bh6 19. Kb1 a6 20. Nf5 Bg7
21. b4 gxf5 22. bxa5 bxa5+ 23. Ka2 Rb7 24. Qc3 a4 25. Rg3 Rb3 26. Qc1 Kh8 27.
Rhg1 Nh5 28. Rxg7 Nxg7 29. Qh6 Qf7 30. Be2 Ne8 31. Bd1 Rc3 32. f4 Rxc4 33. Bh5
Qe7 34. Bxe8 Rxe4 35. Rg6 Re2+ 36. Kb1 Re1+ 37. Kc2 Re2+ 38. Kd1 exf4 39. Qxf8+
Qxf8 40. Bxf6+ Qxf6 41. Rxf6 Rxe8 42. Rxf5 Re5 43. Rxe5 dxe5 44. Ke2 e4 45. Kd2
Kg7 46. Kc3 Kf6 47. Kd4 Kf5 48. f3 exf3 49. Kd3 Ke5 50. Kd2 Kxd5 51. Ke1 Ke4
0-1

[Event "East Lansing (MOR/1a/6)"]
[Site "?"]
[Date "1995.??.??"]
[Round "?"]
[White "Juntunen, Michael"]
[Black "Key_Smith, G."]
[Result "0-1"]
[WhiteElo "1605"]
[BlackElo "1730"]
[PlyCount "64"]
[EventDate "1995.??.??"]

1. c4 Nf6 2. Nc3 g6 3. g3 Bg7 4. Bg2 O-O 5. d4 d6 6. Bg5 h6 7. Bf4 Nbd7 8. Qd2
Kh7 9. Nf3 c6 10. h3 Ng8 11. g4 e5 12. Be3 Re8 13. Ne4 Qe7 14. d5 c5 15. b3
Ndf6 16. Ng3 e4 17. Nh2 Nxg4 18. Rb1 Nxe3 19. Qxe3 f5 20. f4 Bd4 21. Qd2 e3 22.
Qd3 Qh4 23. Nhf1 Qxf4 24. Bf3 Qh4 25. Kd1 Qd8 26. h4 Qf6 27. h5 g5 28. Nh2 Kg7
29. Rf1 Ne7 30. Bg2 Qe5 31. Rf3 g4 32. Bh3 gxf3 0-1

[Event "Grand Rapids (MI Am/4/31)"]
[Site "?"]
[Date "1995.??.??"]
[Round "?"]
[White "Juntunen, Michael"]
[Black "Brumley, Ron"]
[Result "1-0"]
[WhiteElo "1605"]
[BlackElo "1605"]
[PlyCount "37"]
[EventDate "1995.??.??"]

{4/(31)} 1. c4 b6 2. Nc3 Nf6 3. d4 e6 4. e4 d5 5. e5 Nfd7 6. Nf3 Bb7 7. cxd5
exd5 8. Bd3 Nc6 9. O-O Bb4 10. Nxd5 Ndxe5 11. Nxb4 Nxf3+ 12. Qxf3 Nxb4 13. Qxb7
Rb8 14. Bb5+ Kf8 15. Qe4 c5 16. Bd2 a5 17. Rfd1 Qf6 18. a3 Re8 19. Qxe8# 1-0

[Event "East Lansing (MI Op/4/22)"]
[Site "?"]
[Date "1995.??.??"]
[Round "?"]
[White "June, Brian"]
[Black "Williams, Ron"]
[Result "1/2-1/2"]
[WhiteElo "1800"]
[BlackElo "1805"]
[PlyCount "95"]
[EventDate "1995.??.??"]

{4/(22)} 1. d4 Nf6 2. Nf3 e6 3. Bf4 b6 4. e3 Bb7 5. Be2 Nc6 6. O-O Ne7 7. h3
Ng6 8. Bh2 d5 9. c4 Bd6 10. Nc3 Bxh2+ 11. Kxh2 O-O 12. Rc1 a6 13. c5 b5 14. a3
c6 15. Bd3 Qc7+ 16. Kg1 Nd7 17. Bxg6 hxg6 18. e4 dxe4 19. Nxe4 Nf6 20. Re1 Rfd8
21. Nd6 Rxd6 22. cxd6 Qxd6 23. Qe2 Nd7 24. Rcd1 Rd8 25. Qe3 Kf8 26. Qg5 Ke8 27.
Qh4 Qf8 28. Re3 Nf6 29. Rde1 c5 30. dxc5 Bxf3 31. Rxf3 Qxc5 32. Qh8+ Qf8 33.
Qxf8+ Kxf8 34. Rc3 Nd5 35. Rc6 a5 36. Rec1 Ke7 37. Kf1 b4 38. axb4 axb4 39. g3
g5 40. Rc8 Rd7 41. Ra8 Kf6 42. Ke2 Ke5 43. Rcc8 Rb7 44. Rcb8 Rc7 45. Rc8 Rd7
46. Rd8 Rc7 47. Rdc8 Rb7 48. Rcb8 1/2-1/2

[Event "East Lansing (MI Op/6/30)"]
[Site "?"]
[Date "1995.??.??"]
[Round "?"]
[White "June, Brian"]
[Black "Sobocinski, Mike"]
[Result "1-0"]
[WhiteElo "1800"]
[BlackElo "2030"]
[PlyCount "43"]
[EventDate "1995.??.??"]

{6/(30)} 1. d4 d5 2. Nf3 Nf6 3. Bf4 e6 4. e3 Be7 5. Be2 Nbd7 6. h3 O-O 7. O-O
a6 8. c4 dxc4 9. Bxc4 b5 10. Bd3 Bb7 11. Nbd2 c5 12. b3 cxd4 13. exd4 Qb6 14.
Rc1 Rac8 15. Qe2 Nd5 16. Be5 Nc3 17. Bxh7+ Kh8 18. Qd3 Nxa2 19. Rxc8 Rxc8 20.
Be4 Nb4 21. Qe3 Nd5 22. Qh6+ 1-0

[Event "East Lansing (Class A/3/9)"]
[Site "?"]
[Date "1995.??.??"]
[Round "?"]
[White "June, Brian"]
[Black "Smith, Mike A"]
[Result "1/2-1/2"]
[WhiteElo "1800"]
[BlackElo "1920"]
[PlyCount "118"]
[EventDate "1995.??.??"]

{3/(9)} 1. d4 Nf6 2. Nf3 c5 3. c4 g6 4. Nc3 cxd4 5. Nxd4 Bg7 6. e4 d6 7. Be2
O-O 8. Be3 Bd7 9. Qd2 Nc6 10. O-O Rc8 11. f3 Ne5 12. b3 Qa5 13. Rac1 a6 14. Nd5
Qxd2 15. Nxe7+ Kh8 16. Bxd2 Rce8 17. Nd5 Nxd5 18. cxd5 f5 19. Bc3 fxe4 20. fxe4
Nf7 21. Bd3 Re7 22. Ne2 Rfe8 23. Bf6 Bxf6 24. Rxf6 Ng5 25. Ng3 Bb5 26. Bxb5
axb5 27. Rxd6 Nxe4 28. Nxe4 Rxe4 29. Rb6 Re2 30. Rxb7 Rxa2 31. d6 Rd2 32. d7
Rd8 33. Rc8 R2xd7 34. Rxd8+ Rxd8 35. Rxb5 Kg7 36. Kf2 Rd2+ 37. Kf3 Rb2 38. Rb6
Kf7 39. b4 Rb3+ 40. Kf4 Rb2 41. Kg3 Ke7 42. Rb7+ Ke6 43. Rxh7 Rxb4 44. h3 Kf6
45. Rh8 g5 46. Re8 Kf5 47. Rf8+ Kg6 48. Rf3 Ra4 49. Re3 Kf5 50. Kf2 Rb4 51. g3
Ra4 52. Kf3 Rb4 53. Rd3 Ra4 54. Rd5+ Kf6 55. Ke3 Rb4 56. Rd4 Rb1 57. h4 Rb3+
58. Kf2 gxh4 59. gxh4 Kg6 1/2-1/2